000 01611cam a2200445 a 4500
999 _c23934
_d23934
001 vtls010343004
005 20250926101122.0
008 120220s1998 xr dl f 000 0 cze c
020 _a8020007032 (viaz.)
040 _aSNK
_bslo
_cSNK
_eAACR2
041 0 _acze
044 _axr
_cCZ
072 7 _a323
_xVnútropolitický vývoj, politický život
_2konspekt
072 7 _a316.3
_xGlobálne spoločnosti. Sociálna štruktúra. Sociálne skupiny
_2konspekt
080 _a338
_22001
080 _a316.42
_22001
080 _a(048.8)
_22001
080 _a32:316.42
_22001
080 _a(437.3)
_22001
080 _a316.3
_22001
245 0 0 _aZpráva o vývoji české společnosti 1989-1998
_ceditor Jiří Večerník ; vedoucí týmu Petr Matějů
250 _a1. vyd.
260 _aPraha
_bAcademia
_c1998
300 _a364 s.
_bgrafy, sch., tab.
_c23 cm
648 7 _a1989-1998
_2SNKPH
_94851
650 0 7 _aekonomická transformácia
_2SNKPH
_94852
650 0 7 _aEconomic transformation
_2SNKPHeng
_94853
650 0 7 _aspoločnosť
_2SNKPH
_92817
650 0 7 _aSociety
_2SNKPHeng
_94854
651 7 _aČesko
_xpolitická transformácia
_2SNKPH
_94855
651 7 _aČesko
_xsociálna transformácia
_2SNKPH
_94856
651 7 _aCzechia
_xpolitical transformation
_2SNKPHeng
_94857
651 7 _aCzechia
_xsocial transformation
_2SNKPHeng
_94858
655 7 _aštúdie
_2SNKPH
_91987
655 7 _aprehľady
_2SNKPH
_92711
655 7 _aStudies
_2SNKPHeng
_94859
655 7 _aSurveys
_2SNKPHeng
_92712
700 1 _aMatějů, Petr,
_d1950-2017
_4aut
_94860
700 1 _aVečerník, Jiří,
_d1941-
_4edt
_94861